Online
Catalog

Aborigen : (Record no. 19812)

MARC details
000 -CABECERA
campo de control de longitud fija 00389nam a2200133 u 4500
001 - NÚMERO DE CONTROL
campo de control 000020308
005 - FECHA Y HORA DE LA ÚLTIMA TRANSACCIÓN
campo de control 20200929170346.0
008 - DATOS DE LONGITUD FIJA--INFORMACIÓN GENERAL
campo de control de longitud fija 100813220uu 000 0 spa d
040 ## - FUENTE DE LA CATALOGACIÓN
Centro catalogador/agencia de origen DO-SdBNP
Lengua de catalogación spa
Centro/agencia transcriptor BNPHU
082 ## - NÚMERO DE LA CLASIFICACIÓN DECIMAL DEWEY
Número de clasificación xxx
Número de documento/Ítem xxxx
245 10 - MENCIÓN DE TÍTULO
Título Aborigen :
Resto del título originario del suelo en que vive.
260 ## - PUBLICACIÓN, DISTRIBUCIÓN, ETC.
Lugar de publicación, distribución, etc. [Santo Domingo], :
Nombre del editor, distribuidor, etc. El Cuarto Publicidad,
Fecha de publicación, distribución, etc. [20--].
300 ## - DESCRIPCIÓN FÍSICA
Extensión 18 p. :
Otras características físicas il ;
Dimensiones 14 cm.
Holdings
Estado de retiro Estado de pérdida Restricciones de uso No para préstamo Código de colección Localización permanente Ubicación/localización actual Ubicación en estantería Fecha de adquisición Número de inventario Total de préstamos Signatura topográfica completa Código de barras Fecha visto por última vez Precio válido a partir de Tipo de ítem Koha
        Monografías: Libros y Folletos General General Orden iniciada 08.05.2017 LF1   xxx xxxx 20308-30 25.06.2020 25.06.2020 No se presta
        Monografías: Libros y Folletos Patrimonio Dominicano Patrimonio Dominicano Orden iniciada 08.05.2017 LF1   xxx xxxx 20308-10 25.06.2020 25.06.2020 No se presta
        Monografías: Libros y Folletos Patrimonio Dominicano Patrimonio Dominicano Orden iniciada 08.05.2017 LF1   xxx xxxx 20308-20 25.06.2020 25.06.2020 No se presta

Powered by Koha